00658nam a22002177a 450000500170000001000130001702000100003003500130004003700160005304000120006908200170008124501650009826000310026327000450029430000210033965000110036065000220037170000160039370000160040970000150042520170124110019.0 aA-708757 c00.00 aA-708757 bCen Lib/Ret aDPLbEN a616.994bSEL aSelf determination and treatment of cancer :ccompiler by Pan Mingji ; translated by Jin Xuemi [and] Guan Jianbhow to detect cancer throught self examination / aBombaybTaraporevalac1992 a210,DR. D. Naoroji Road bBombaye400001 a352p. c16cm(Hb) aCancer aCancer--Treatment aMingji, Pan aXuemei, Jin aJian, Guan